00927nam a2200217 a 4500001001000000003000400010005001700014008004100031020001800072040002500090082000900115100003700124245008500161260008100246300002100327942001400348952010000362952010600462952012400568999001700692000029237OSt20260321073641.0110414s2010 dr 000 0 spa d a9789945873580 aDO-SdBNPbspacBNPHU bB7421 a Bosch, Juan, d1909-200197655510aJuan Bosch ideario :b100 ideas en los cien años de su natalicio /cJuan Bosch aSanto Domingo :bFundación Juan Bosch :bMinisterio de la Juventud,c2010. a39 p. ;c21 cm.  2ddccLBS1 00102ddc51718PDaBNPHUbPDcCTd2011-04-14l0oB742p29237-10r2020-06-25w2020-06-25yLFPD 00102ddc51728PDaBNPHUbPDcCTd2011-05-06l0oB742p29237-20r2020-06-25te. 2w2020-06-25yLFPD 00102ddc56708MOaBNPHUbGRcCTd2020-11-16eNieves L. Enuteneo Rondon l0oB742r2020-11-16te. 3w2020-11-16yLBS1 c28729d28729